| 000 | 00000nam 2200000zi 4500 |
| 001 | 9.922006 |
| 003 | CaOODSP |
| 005 | 20230601082651 |
| 006 | m o d f |
| 007 | cr cn||||||||| |
| 008 | 230427e202304##oncb o f000 0 eng d |
| 040 | |aCaOODSP|beng|erda|cCaOODSP |
| 043 | |ar------ |
| 086 | 1 |aXC34-1/1-441-3E-PDF |
| 110 | 1 |aCanada. |bParliament. |bHouse of Commons. |bStanding Committee on National Defence, |eauthor,|eissuing body. |
| 245 | 12|aA secure and sovereign Arctic / |cHon. John McKay, chair. |
| 264 | 1|a[Ottawa] : |bHouse of Commons, Canada = Chambre des communes, Canada, |cApril 2023. |
| 300 | |a1 online resource (viii, 84 pages) : |bmaps. |
| 336 | |atext|btxt|2rdacontent |
| 337 | |acomputer|bc|2rdamedia |
| 338 | |aonline resource|bcr|2rdacarrier |
| 490 | 1 |aReport of the Standing Committee on National Defence ; |v3rd report, 44th Parliament, 1st session |
| 500 | |aIssued also in French under title: Un Arctique sécurisé et souverain. |
| 520 | |a"The Arctic is a vast, remote and inhospitable region encompassing more than 40% of Canada's land mass and 75% of the country's coastlines. Home to approximately 150,000 individuals, of whom more than half are Indigenous, the Arctic is a complex and challenging operating environment with limited infrastructure and high operating costs. In recent years, climate change, technological advancements, economic opportunities and geopolitics have led the Arctic to become a region of growing international importance and strategic competition, with both Arctic and non-Arctic states expressing political, economic and military interests in the region. The Arctic has historically been a region of co-operation and collaboration, and ensuring that it remains so is a priority for Canada"--Introduction, page 7. |
| 650 | 0|aSovereignty. |
| 651 | 0|aArctic regions|xInternational cooperation. |
| 651 | 0|aArctic regions|xEconomic conditions. |
| 700 | 1 |aMcKay, John, |d1948 March 21- |
| 775 | 08|tUn Arctique sécurisé et souverain / |w(CaOODSP)9.922007 |
| 830 | #0|aReport of the Standing Committee on National Defence ;|v3rd report, 44th Parliament, 1st session.|w(CaOODSP)9.507367 |
| 856 | 40|qPDF|s3.89 MB|uhttps://publications.gc.ca/collections/collection_2023/parl/xc34-1/XC34-1-1-441-3-eng.pdf |
| 856 | 4 |qHTML|sN/A|uhttps://www.ourcommons.ca/DocumentViewer/en/44-1/NDDN/report-3/ |